| 000 | 00901nam a22002657a 4500 | ||
|---|---|---|---|
| 001 | BRCA_9402 | ||
| 003 | FranzMayer | ||
| 005 | 20230918125234.0 | ||
| 008 | 230904b |||||||| |||| 00| 0 eng d | ||
| 020 | _a9703500544 | ||
| 040 |
_aMFM _bESPAÑOL _cMFM |
||
| 050 | 0 |
_aN72.5.M6 _bC66 2003 |
|
| 110 | 1 |
_4Responsable _aConaculta _929555 |
|
| 240 |
_a10 maestros de la plástica mexicana _lEspañol |
||
| 245 | 0 | _a10 maestros de la plástica mexicana | |
| 260 |
_aMéxico _bConaculta _c2003 |
||
| 300 |
_a189 p _bIlustraciones a color _c34 cm |
||
| 500 | _aAnexo 1 | ||
| 505 | _aTexto en: españolIncluye índice temáticoIncluye bibliografíaDirigido a: artistas mexicanos | ||
| 650 | 1 |
_2Artes visuales _aMaestros artistas _929556 |
|
| 651 | 2 |
_2México _aartistas mexicanos _929557 |
|
| 700 | 1 |
_4Diseño _aRocha, Daniela _929558 |
|
| 700 | 1 |
_4Corr _aGatti, Valentina _929559 |
|
| 942 |
_2lcc _cB |
||
| 999 |
_c11024 _d11024 |
||